| 000 | 00941 a2200253 4500 | ||
|---|---|---|---|
| 003 | Nust | ||
| 005 | 20170207170036.0 | ||
| 010 | _a 2010940654 | ||
| 020 | _a1111138214 | ||
| 020 | _a9781111138219 | ||
| 040 | _cNust | ||
| 082 | 0 | 0 | _a005.8 |
| 100 | 1 | _aWhitman, Michael E., | |
| 245 | 1 | 0 |
_aPrinciples of information security (EBOOK) _cMichael E. Whitman, Herbert J. Mattord. |
| 250 | _a4th ed. | ||
| 260 |
_aBoston, MA : _bCourse Technology, _cc2012. |
||
| 300 |
_axxxi, 617 p. : _bill. ; _c24 cm. |
||
| 650 | 0 |
_aComputer networks _xSecurity measures. |
|
| 650 | 0 | _aComputer security. | |
| 700 | 1 | _aMattord, Herbert J. | |
| 856 | 4 | 2 |
_3Contributor biographical information _uhttp://www.loc.gov/catdir/enhancements/fy1303/2010940654-b.html |
| 856 | 4 | 2 |
_3Publisher description _uhttp://www.loc.gov/catdir/enhancements/fy1303/2010940654-d.html |
| 856 | 4 | 2 |
_3Table of contents only _uhttp://www.loc.gov/catdir/enhancements/fy1303/2010940654-t.html |
| 942 |
_2ddc _cBK |
||
| 999 |
_c213787 _d213787 |
||